indice de criminalité 2024 - Statistiques

Statistiques générales
  • Ce quiz a été pris 35 fois
  • Le résultat moyen est 6 sur 15
Statistiques - réponses
Hint Réponse % Correct
15 Brésil
88%
1 vénézuela
74%
5 Afrique du sud
56%
3 afghanistan
50%
4 haïti
50%
11 Perou
47%
6 Honduras
41%
8 Syrie
38%
10 Jamaïque
32%
14 Nigéria
32%
12 Guyane
21%
13 Angola
12%
2 Papouasie nouvelle guinée
9%
9 Yemen
9%
7 Trinitée-et-tobago
0%
Aucun quiz correspondant
Distribution des résultats
% des personnes avec chaque résultat
Percentile par nombre de réponses
Votre historique - résultats
Vous n’avez pas pris ce quiz